[Event "Le Touquet op 26th"]
[Site "Le Touquet"]
[Date "2011.10.26"]
[Round "6"]
[White "Heyman, Jacques"]
[Black "Rigolot, Lucie"]
[Result "0-1"]
[WhiteElo "1848"]
[BlackElo "1981"]
[PlyCount "115"]
[EventDate "2011.10.22"]
[EventType "swiss"]
[EventRounds "9"]
[EventCountry "FRA"]
[SourceTitle "EXT 2012"]
[Source "ChessBase"]
[SourceDate "2011.11.24"]
[SourceVersion "1"]
[SourceVersionDate "2011.11.24"]
[SourceQuality "1"]

1. d4 d5 2. Bf4 Nf6 3. e3 c5 4. c3 e6 5. Nf3 Bd6 6. Ne5 0-0 7. Nd2 Qc7 8. Bd3 Nc6 9. Nxc6 bxc6 10. Bxd6 Qxd6 11. dxc5 Qxc5 12. 0-0 e5 13. e4 Qb6 14. b3 Bb7 15. Qe2 Rfe8 16. Rfe1 Rad8 17. Rac1 dxe4 18. Nxe4 Nd5 19. Bc4 f5 20. Ng3 g6 21. b4 Kg7 22. Qc2 c5 23. b5 Nf4 24. Bf1 c4 25. Rcd1 Qxb5 26. Rxd8 Rxd8 27. Rd1 Rxd1 28. Qxd1 Qc6 29. Qd2 h6 30. f3 Qc5+ 31. Kh1 Nd5 32. h4 Bc8 33. h5 g5 34. Kh2 Be6 35. Qb2 Nb6 36. Qc2 Kf6 37. Qe2 Qd5 38. Qc2 Qd6 39. Kh1 Qd7 40. Kh2 Qd6 41. Kh1 e4 42. Ne2 exf3 43. gxf3 Bf7 44. Bh3 Qd5 45. Nd4 Bxh5 46. Bxf5 Bxf3+ 47. Kg1 Qe5 48. Qf2 Qf4 49. Nxf3 Qxf5 50. Qd4+ Ke7 51. Qg7+ Kd6 52. Qxh6+ Kc5 53. Nxg5 Qb1+ 54. Kg2 Qxa2+ 55. Kg3 Qb2 56. Qf8+ Kb5 57. Qe8+ Ka6 58. Ne4 0-1

[Event "FRA-chB (Women)"]
[Site "Caen"]
[Date "2011.08.20"]
[Round "5"]
[White "Rigolot, Lucie"]
[Black "Fruteau, Sabine"]
[Result "1/2-1/2"]
[WhiteElo "1946"]
[BlackElo "2102"]
[PlyCount "137"]
[EventDate "2011.08.16"]
[EventType "tourn"]
[EventRounds "10"]
[EventCountry "FRA"]
[SourceTitle "CBM 144 Extra"]
[Source "ChessBase"]
[SourceDate "2011.10.28"]
[SourceVersion "1"]
[SourceVersionDate "2011.10.28"]
[SourceQuality "1"]

1. e4 e5 2. Nf3 Nc6 3. c3 Nf6 4. d4 exd4 5. e5 Nd5 6. cxd4 Be7 7. Nc3 Nxc3 8. bxc3 d6 9. Bb5 0-0 10. 0-0 Bg4 11. Qd3 a6 12. Ba4 Bxf3 13. Qxf3 dxe5 14. Bxc6 bxc6 15. dxe5 Qd5 16. Qe2 Bc5 17. Kh1 Rfe8 18. f4 f6 19. c4 Qe6 20. Bb2 fxe5 21. Qxe5 Qxe5 22. Bxe5 Bd6 23. Bxd6 cxd6 24. Rad1 Rad8 25. Rd2 Re4 26. Rc2 Kf7 27. g3 Rb8 28. Kg2 Rb4 29. Rfc1 h5 30. Kf3 Rd4 31. Ke3 c5 32. Kf3 Kf6 33. Ke3 Kf5 34. Rc3 Rb2 35. R3c2 Rxc2 36. Rxc2 Ke6 37. h3 d5 38. cxd5+ Kxd5 39. g4 hxg4 40. hxg4 g5 41. fxg5 Rxg4 42. Rh2 Rxg5 43. Rh6 Rg3+ 44. Kd2 Ra3 45. Kc2 Rxa2+ 46. Kb3 Ra1 47. Rh5+ Kc6 48. Kc4 Ra4+ 49. Kb3 Rg4 50. Rh8 Rb4+ 51. Kc3 a5 52. Ra8 Kb5 53. Rb8+ Ka4 54. Rc8 Rb1 55. Kc2 Rb5 56. Kc3 Ka3 57. Kc4 Rb1 58. Kc3 Rc1+ 59. Kd2 Rc4 60. Rb8 a4 61. Rb5 Ka2 62. Kd3 Rb4 63. Rxc5 a3 64. Kc2 Rh4 65. Rc3 Rh2+ 66. Kc1 Rh6 67. Kc2 Rh4 68. Kc1 Rh2 69. Rc2+ 1/2-1/2

[Event "FRA-chB (Women)"]
[Site "Caen"]
[Date "2011.08.19"]
[Round "4"]
[White "Hamdouchi, Adina Maria"]
[Black "Rigolot, Lucie"]
[Result "1-0"]
[WhiteElo "2266"]
[BlackElo "1946"]
[PlyCount "61"]
[EventDate "2011.08.16"]
[EventType "tourn"]
[EventRounds "10"]
[EventCountry "FRA"]
[SourceTitle "CBM 144 Extra"]
[Source "ChessBase"]
[SourceDate "2011.10.28"]
[SourceVersion "1"]
[SourceVersionDate "2011.10.28"]
[SourceQuality "1"]

1. Nf3 d5 2. g3 Bg4 3. Bg2 Nd7 4. 0-0 e6 5. d3 Bd6 6. Nbd2 Ne7 7. e4 0-0 8. Qe2 c6 9. h3 Bh5 10. Re1 Qb6 11. Nf1 c5 12. c3 d4 13. c4 e5 14. g4 Bg6 15. Ng3 Qc7 16. h4 f6 17. Bh3 Nc6 18. Kg2 Be8 19. h5 Kf7 20. g5 Rg8 21. Nh4 Ke7 22. Qg4 Kd8 23. Qe6 Rh8 24. Nhf5 Bf8 25. gxf6 Nxf6 26. Bg5 Qf7 27. Qxf7 Bxf7 28. h6 Be7 29. hxg7 Rg8 30. Nxe7 Kxe7 31. Nf5+ 1-0

[Event "La Fere op 10th"]
[Site "La Fere"]
[Date "2011.07.03"]
[Round "2.22"]
[White "Rigolot, Lucie"]
[Black "Vernede, Victor"]
[Result "1-0"]
[WhiteElo "1946"]
[BlackElo "1702"]
[PlyCount "53"]
[EventDate "2011.07.02"]
[EventType "swiss"]
[EventRounds "9"]
[EventCountry "FRA"]
[SourceTitle "EXT 2012"]
[Source "ChessBase"]
[SourceDate "2011.11.24"]
[SourceVersion "1"]
[SourceVersionDate "2011.11.24"]
[SourceQuality "1"]

1. e4 e6 2. d4 d5 3. Nd2 Nf6 4. e5 Nfd7 5. f4 c5 6. c3 Nc6 7. Ndf3 Qb6 8. Ne2 Be7 9. g3 0-0 10. Bh3 cxd4 11. cxd4 Qb4+ 12. Nc3 Qc4 13. Be3 Bb4 14. Rc1 Qxa2 15. 0-0 Qxb2 16. Rf2 Qa3 17. Ra2 Qxc3 18. Rxc3 Bxc3 19. Qb3 Ba5 20. g4 Nb6 21. Bd2 Nc4 22. Bxa5 N6xa5 23. Qd1 Bd7 24. f5 exf5 25. gxf5 h6 26. Rg2 Bc6 27. f6 1-0

[Event "FRA-GER m U14"]
[Site "Cap d'Agde"]
[Date "2010.10.30"]
[Round "8.3"]
[White "Wiesner, Paula"]
[Black "Rigolot, Lucie"]
[Result "0-1"]
[WhiteElo "1804"]
[BlackElo "1946"]
[PlyCount "160"]
[EventDate "2010.10.23"]
[EventType "team-match"]
[EventRounds "5"]
[EventCountry "FRA"]
[SourceTitle "EXT 2016"]
[Source "ChessBase"]
[SourceDate "2015.10.08"]
[SourceVersion "1"]
[SourceVersionDate "2015.10.08"]
[SourceQuality "1"]
[WhiteTeam "Germany"]
[BlackTeam "France"]
[WhiteTeamCountry "GER"]
[BlackTeamCountry "FRA"]

1. d4 d5 2. c4 e6 3. cxd5 exd5 4. Nc3 c6 5. Nf3 Bd6 6. Bg5 Qc7 7. Qc2 Ne7 8. Bxe7 Qxe7 9. e3 Bg4 10. Bd3 Qf6 11. Nd2 Nd7 12. h3 Bh5 13. 0-0 Kf8 14. Rfc1 Bg6 15. Rab1 Bxd3 16. Qxd3 g5 17. e4 Qg6 18. Re1 h5 19. Qe2 Re8 20. Qd1 g4 21. exd5 Rxe1+ 22. Qxe1 gxh3 23. Qe4 Rg8 24. Qxg6 Rxg6 25. g3 h4 26. dxc6 bxc6 27. Kh2 hxg3+ 28. fxg3 Rxg3 29. Nce4 Rd3+ 30. Nxd6 Rxd2+ 31. Kxh3 Rxd4 32. Nf5 Rf4 33. Rd1 Rxf5 34. Rxd7 a5 35. Rc7 Rb5 36. b3 Rc5 37. Kg4 Kg7 38. Kf4 Rc2 39. Ke5 Kg6 40. Kd4 f5 41. Kd3 Rc1 42. Ra7 Rc5 43. Kd4 Rd5+ 44. Ke3 Kg5 45. Ra6 f4+ 46. Ke4 Rf5 47. Kf3 Rc5 48. Ke4 Rc3 49. Rxa5+ Kg4 50. Ra8 Re3+ 51. Kd4 Kf3 52. Rc8 Re6 53. a4 Ke2 54. a5 f3 55. b4 Rf6 56. Rh8 f2 57. Rh2 Rf4+ 58. Kc5 Kd3 59. Rxf2 Rxf2 60. Kxc6 Kc4 61. a6 Rf6+ 62. Kb7 Kb5 63. a7 Rf7+ 64. Kb8 Kb6 65. a8N+ Kc6 66. b5+ Kxb5 67. Nc7+ Kb6 68. Nd5+ Kc6 69. Nb4+ Kc5 70. Nd3+ Kb6 71. Kc8 Rc7+ 72. Kd8 Kc6 73. Ne5+ Kd6 74. Nd3 Rc3 75. Nf2 Rf3 76. Ne4+ Kc6 77. Ng5 Rf5 78. Ne6 Kd6 79. Ng7 Rf8+ 80. Ne8+ Ke6 0-1

[Event "FRA-GER m U14"]
[Site "Cap d'Agde"]
[Date "2010.10.27"]
[Round "5.2"]
[White "Kvetny, Mark"]
[Black "Rigolot, Lucie"]
[Result "1/2-1/2"]
[WhiteElo "1984"]
[BlackElo "1946"]
[PlyCount "47"]
[EventDate "2010.10.23"]
[EventType "team-match"]
[EventRounds "5"]
[EventCountry "FRA"]
[SourceTitle "EXT 2016"]
[Source "ChessBase"]
[SourceDate "2015.10.08"]
[SourceVersion "1"]
[SourceVersionDate "2015.10.08"]
[SourceQuality "1"]
[WhiteTeam "Germany"]
[BlackTeam "France"]
[WhiteTeamCountry "GER"]
[BlackTeamCountry "FRA"]

1. d4 d5 2. c4 c6 3. Nc3 e6 4. Nf3 dxc4 5. a4 Bb4 6. e3 b5 7. Bd2 a5 8. axb5 Bxc3 9. Bxc3 cxb5 10. b3 Bb7 11. d5 Nf6 12. bxc4 b4 13. Bxf6 Qxf6 14. Qa4+ Nd7 15. Nd4 Ke7 16. Be2 e5 17. d6+ Kxd6 18. Bg4 Nc5 19. Qb5 exd4 20. exd4 Nd3+ 21. Kd2 Qxd4 22. Qd7+ Kc5 23. Qb5+ Kd6 24. Qd7+ 1/2-1/2

[Event "FRA-GER m U14"]
[Site "Cap d'Agde"]
[Date "2010.10.26"]
[Round "4.3"]
[White "Rigolot, Lucie"]
[Black "Wiesner, Paula"]
[Result "1-0"]
[WhiteElo "1946"]
[BlackElo "1804"]
[PlyCount "77"]
[EventDate "2010.10.23"]
[EventType "team-match"]
[EventRounds "5"]
[EventCountry "FRA"]
[SourceTitle "EXT 2016"]
[Source "ChessBase"]
[SourceDate "2015.10.08"]
[SourceVersion "1"]
[SourceVersionDate "2015.10.08"]
[SourceQuality "1"]
[WhiteTeam "France"]
[BlackTeam "Germany"]
[WhiteTeamCountry "FRA"]
[BlackTeamCountry "GER"]

1. e4 c5 2. Nf3 Nc6 3. d4 cxd4 4. Nxd4 Nf6 5. Nc3 e5 6. Ndb5 d6 7. Bg5 a6 8. Na3 b5 9. Nd5 Be7 10. Bxf6 Bxf6 11. c4 b4 12. Nc2 a5 13. Be2 0-0 14. 0-0 Be6 15. Nxf6+ gxf6 16. Qd3 Qd7 17. Rad1 Rad8 18. Ne3 Nd4 19. f4 Qa7 20. Kh1 Kh8 21. f5 Bc8 22. Nd5 Ba6 23. b3 Rg8 24. Nxf6 Rg7 25. Rfe1 Qe7 26. Nh5 Rg5 27. Qd2 Rdg8 28. Rg1 Bb7 29. Qe3 Nxe2 30. Qxe2 Bxe4 31. Qxe4 Rxh5 32. Rgf1 f6 33. Rd3 Qc7 34. Qd5 Rd8 35. Qe6 Rh6 36. Rfd1 Kg7 37. Rxd6 Rxd6 38. Rxd6 Kh8 39. Qe8+ 1-0

[Event "FRA-GER m U14"]
[Site "Cap d'Agde"]
[Date "2010.10.23"]
[Round "1.2"]
[White "Rigolot, Lucie"]
[Black "Kvetny, Mark"]
[Result "0-1"]
[WhiteElo "1946"]
[BlackElo "1984"]
[PlyCount "106"]
[EventDate "2010.10.23"]
[EventType "team-match"]
[EventRounds "5"]
[EventCountry "FRA"]
[SourceTitle "EXT 2016"]
[Source "ChessBase"]
[SourceDate "2015.10.08"]
[SourceVersion "1"]
[SourceVersionDate "2015.10.08"]
[SourceQuality "1"]
[WhiteTeam "France"]
[BlackTeam "Germany"]
[WhiteTeamCountry "FRA"]
[BlackTeamCountry "GER"]

1. e4 c5 2. Nf3 d6 3. d4 cxd4 4. Nxd4 Nf6 5. Nc3 a6 6. Be3 e5 7. Nb3 Be6 8. Qd2 Nbd7 9. f3 b5 10. g4 Nb6 11. Qf2 Nfd7 12. Bd3 Be7 13. 0-0 h5 14. Qg2 Bg5 15. Bf2 hxg4 16. fxg4 Nf6 17. h3 d5 18. exd5 Nbxd5 19. Ne2 Rc8 20. Rfd1 Qc7 21. Bf5 Ne3 22. Bxe3 Bxe3+ 23. Kf1 Bxf5 24. gxf5 Qxc2 25. Qf3 Qe4 26. Qxe4 Nxe4 27. Rd3 Bb6 28. Rc1 Rxc1+ 29. Nbxc1 Ke7 30. Nc3 Nxc3 31. Rxc3 Rd8 32. Ke2 Rd6 33. Ra3 Bd4 34. Rg3 Kf6 35. Nd3 e4 36. Nf4 Kxf5 37. Ng2 Rg6 38. Nh4+ Kf4 39. Rxg6 fxg6 40. Nxg6+ Kf5 41. Ne7+ Ke6 42. Nc6 Bxb2 43. Ke3 Kd6 44. Nb8 a5 45. Kxe4 Ba3 46. Na6 Kc6 47. Kd4 Bd6 48. Ke4 b4 49. Kd4 Kb6 50. Kd5 Kxa6 51. Kxd6 a4 52. Kc5 b3 53. axb3 axb3 0-1

[Event "La Fere op"]
[Site "La Fere"]
[Date "2010.07.09"]
[Round "8"]
[White "Rigolot, Lucie"]
[Black "Pisk, Petr"]
[Result "0-1"]
[WhiteElo "1900"]
[BlackElo "2346"]
[PlyCount "128"]
[EventDate "2010.07.03"]
[EventType "swiss"]
[EventRounds "9"]
[EventCountry "FRA"]
[SourceTitle "CBM 137 Extra"]
[Source "ChessBase"]
[SourceDate "2010.09.01"]
[SourceVersion "1"]
[SourceVersionDate "2010.09.01"]
[SourceQuality "1"]

1. e4 c5 2. Nf3 d6 3. d4 cxd4 4. Nxd4 Nf6 5. Nc3 g6 6. Be3 Bg7 7. f3 0-0 8. Qd2 Nc6 9. g4 Qa5 10. 0-0-0 Bd7 11. Nb3 Qc7 12. g5 Nh5 13. Nd5 Qd8 14. Be2 e5 15. Kb1 Be6 16. Nb4 Nf4 17. Nxc6 bxc6 18. Bxf4 exf4 19. Qxf4 d5 20. exd5 cxd5 21. h4 a5 22. a4 Rb8 23. h5 Rb4 24. Qd2 Qc7 25. hxg6 hxg6 26. f4 Rxf4 27. Bb5 Bf5 28. Qh2 Rc8 29. Bd3 Bxd3 30. Rxd3 Rf1+ 31. Ka2 Rxh1 32. Qxh1 Qxc2 33. Rd2 Qc4 34. Qxd5 Qxa4+ 35. Kb1 Qb4 36. Nxa5 Re8 37. Nc4 Qb3 38. Rd1 Re2 39. Qd8+ Bf8 40. Qd3 Qxd3+ 41. Rxd3 Rg2 42. Ne3 Rxg5 43. Nd5 Rg1+ 44. Kc2 Rg2+ 45. Rd2 Rxd2+ 46. Kxd2 f5 47. Ke3 Kf7 48. b4 Bd6 49. b5 Ke6 50. Nc3 g5 51. Kf3 g4+ 52. Kg2 Be5 53. Nb1 f4 54. Nd2 Bd4 55. Kh2 Kd5 56. Kg2 Bb6 57. Nf1 Ke4 58. Nd2+ Kd5 59. Nf1 Ke5 60. Nd2 Kf5 61. Nc4 f3+ 62. Kf1 Bc5 63. b6 g3 64. b7 g2+ 0-1

[Event "La Fere op"]
[Site "La Fere"]
[Date "2010.07.08"]
[Round "7"]
[White "Dernoncourt, Christophe"]
[Black "Rigolot, Lucie"]
[Result "0-1"]
[WhiteElo "1706"]
[BlackElo "1900"]
[PlyCount "108"]
[EventDate "2010.07.03"]
[EventType "swiss"]
[EventRounds "9"]
[EventCountry "FRA"]
[SourceTitle "CBM 137 Extra"]
[Source "ChessBase"]
[SourceDate "2010.09.01"]
[SourceVersion "1"]
[SourceVersionDate "2010.09.01"]
[SourceQuality "1"]

1. d4 d5 2. c4 c6 3. Nc3 Nf6 4. Bg5 dxc4 5. a4 Qa5 6. Bxf6 exf6 7. e3 Bb4 8. Qc2 Be6 9. Nf3 b5 10. Nd2 0-0 11. Be2 Bxc3 12. bxc3 a6 13. 0-0 Qc7 14. Rfb1 Nd7 15. Bf3 Rab8 16. e4 g6 17. g4 Nb6 18. a5 Na4 19. d5 cxd5 20. exd5 Bd7 21. Kg2 f5 22. gxf5 Bxf5 23. Be4 Bxe4+ 24. Nxe4 f5 25. Nd2 Qe5 26. Rxa4 bxa4 27. Rxb8 Rxb8 28. Qxa4 Qxd5+ 29. Nf3 Qb5 30. Qa3 Rd8 31. Qe7 Qd7 32. Qb4 Qb5 33. Qe7 Re8 34. Qf6 Qxa5 35. Ng5 Qd5+ 36. Kh3 Qd7 37. Qxa6 Qd3+ 38. Kg2 Qd5+ 39. Kh3 f4 40. Qf6 Qf5+ 41. Qxf5 gxf5 42. Kh4 Re2 43. Nh3 h6 44. Kh5 Kg7 45. Kh4 Rc2 46. Nxf4 Rxf2 47. Kg3 Rc2 48. Nd5 Kf7 49. Kf3 Ke6 50. Nf4+ Kd6 51. Ne2 Ke5 52. h3 Rxe2 53. Kxe2 Ke4 54. Kf2 Kd3 0-1

[Event "FRA-chB (Women)"]
[Site "Belfort"]
[Date "2010.??.??"]
[Round "8"]
[White "Rigolot, Lucie"]
[Black "Choisy, Mathilde"]
[Result "0-1"]
[WhiteElo "1902"]
[BlackElo "2168"]
[PlyCount "116"]
[EventDate "2010.08.09"]
[EventType "tourn"]
[EventRounds "11"]
[EventCountry "FRA"]
[SourceTitle "EXT 2011"]
[Source "ChessBase"]
[SourceDate "2010.11.26"]
[SourceVersion "1"]
[SourceVersionDate "2010.11.26"]
[SourceQuality "1"]

1. e4 d6 2. d4 Nf6 3. Nc3 Nbd7 4. g3 e5 5. Bg2 Be7 6. f4 0-0 7. dxe5 dxe5 8. f5 Bb4 9. Bd2 Nc5 10. Qe2 b6 11. 0-0-0 Ba6 12. Qe1 Qe7 13. Nh3 Rad8 14. Nf2 Bb7 15. Qe3 Rd6 16. g4 Rfd8 17. a3 Bxc3 18. Bxc3 Rxd1+ 19. Rxd1 Rxd1+ 20. Kxd1 Na4 21. Kc1 h6 22. Bb4 c5 23. Bd2 c4 24. h4 Nd7 25. g5 hxg5 26. hxg5 c3 27. Bxc3 Nxc3 28. bxc3 Qxa3+ 29. Kd2 Qc5 30. Qg3 Ba6 31. Bh3 Qd6+ 32. Nd3 Nc5 33. Bg2 Bxd3 34. cxd3 Nb3+ 35. Ke1 Qc5 36. c4 Qg1+ 37. Ke2 Nd4+ 38. Kd2 Qa1 39. Bf3 Qb2+ 40. Ke3 Qc1+ 41. Kf2 Qd2+ 42. Kg1 Qxd3 43. Kg2 Qxf3+ 44. Qxf3 Nxf3 45. Kxf3 Kf8 46. Ke3 Ke7 47. Kd3 Kd6 48. Kc3 Kc5 49. Kb3 a5 50. Kc3 a4 51. f6 gxf6 52. gxf6 a3 53. Kb3 a2 54. Kxa2 Kxc4 55. Ka3 Kd4 56. Kb4 Kxe4 57. Kb5 Kf5 58. Kxb6 Kxf6 0-1

[Event "FRA-chB (Women)"]
[Site "Belfort"]
[Date "2010.??.??"]
[Round "7"]
[White "Rigolot, Lucie"]
[Black "Gertosio Serena, Sophie"]
[Result "1-0"]
[WhiteElo "1902"]
[BlackElo "1810"]
[PlyCount "171"]
[EventDate "2010.08.09"]
[EventType "tourn"]
[EventRounds "11"]
[EventCountry "FRA"]
[SourceTitle "EXT 2011"]
[Source "ChessBase"]
[SourceDate "2010.11.26"]
[SourceVersion "1"]
[SourceVersionDate "2010.11.26"]
[SourceQuality "1"]

1. e4 e6 2. d4 d5 3. Nd2 Nf6 4. e5 Nfd7 5. f4 c5 6. c3 cxd4 7. cxd4 Qa5 8. Ngf3 Nc6 9. Be2 g6 10. 0-0 Bg7 11. Re1 Qb4 12. Nb3 b6 13. Bd2 Qe7 14. Rc1 Bb7 15. Bb5 Rc8 16. Qe2 Ndb8 17. a3 0-0 18. g4 f5 19. exf6 Rxf6 20. g5 Rf5 21. Qxe6+ Qxe6 22. Rxe6 Kf8 23. Rce1 a6 24. Bd3 Rf7 25. h4 Re7 26. Rxe7 Nxe7 27. Bb4 Nbc6 28. Bd6 Kf7 29. h5 Nf5 30. Bxf5 gxf5 31. Be5 Rf8 32. Bc7 Ba8 33. Ne5+ Nxe5 34. dxe5 Rc8 35. Bd6 Rc4 36. Rd1 Ke8 37. Nd4 Bh8 38. Kg2 Bb7 39. Kg3 Bc8 40. Kh4 Kf7 41. Rd2 b5 42. e6+ Ke8 43. Nxf5 Bxe6 44. Ne3 Rc1 45. f5 d4 46. fxe6 dxe3 47. Re2 Rc6 48. Bf4 Rxe6 49. b4 Bd4 50. Kg4 Kf7 51. Kf3 a5 52. Bxe3 Bc3 53. bxa5 Bxa5 54. Rb2 Re5 55. Kf4 Rd5 56. Ke4 Ke6 57. Bf4 Bd8 58. Rc2 Rd7 59. Rc6+ Kf7 60. g6+ hxg6 61. hxg6+ Kg7 62. Be5+ Kg8 63. Re6 Re7 64. Kf5 Rxe6 65. Kxe6 Bg5 66. Bb2 Bh6 67. Kd5 Kf8 68. Kc5 Ke7 69. Kxb5 Kd7 70. a4 Kc7 71. a5 Kb7 72. Bc3 Ka7 73. Kc6 Ka6 74. Kd7 Ka7 75. Ke8 Ka6 76. Kf7 Kb5 77. Be1 Ka6 78. Bd2 Bxd2 79. g7 Bxa5 80. g8Q Kb5 81. Qc8 Bb6 82. Ke6 Ka5 83. Kd5 Kb5 84. Qc4+ Ka5 85. Qb3 Ka6 86. Kc6 1-0